000
00403nam a2200133Ia 4500
008
151001s9999||||xx |||||||||||||| ||und||
100
_a
दिनेश चमोला
245
_a
श्रेष्ठ बाल कहानियाँ
250
_a
1
260
_b
स्वस्तिक पब्लिकेशन हाउस
260
_c
2009
300
_a
368
365
_b
21
999
_c
994341
_d
994338